Famous with Presidential Surnames Quiz Stats

 Plays Quiz Updated Aug 27, 2018

Score 0/28 Timer 10:00
1 Play Today
% Correct
Michael Jackson
94.5%
Marilyn Monroe
94%
George Harrison
86.6%
Dwayne 'The Rock' Johnson
85.9%
Owen Wilson
85.8%
Denzel Washington
85.8%
Henry Ford
83.4%
Elizabeth Taylor
83%
Liv Tyler
83%
Tonya Harding
81.2%
J. Edgar Hoover
74.5%
Amy Adams
73.4%
Bea Arthur
67.5%
Cary Grant
67%
% Correct
Lynda Carter
63.9%
Cynthia Nixon
61.1%
Andrew Garfield
57.9%
George Clinton
49.6%
Anthony Kennedy
47.8%
Paul Pierce
44.1%
Kate Bush
41.7%
Andrew Lincoln
39.5%
Abigail 'Dear Abby' Van Buren
37.9%
Pat Buchanan
36.4%
Holly Madison
32.8%
Jennifer Coolidge
30.4%
Helen Hayes
28.1%
Blind Lemon Jefferson
23.8%

You're not logged in!

Compare scores with friends on all Sporcle quizzes.
OR
Log In

Sporcle TV

Today on Sporcle TV


Watch our educational content, quiz creation guides, and fun videos on Sporcle TV.

Show Comments

Extras

Top Quizzes Today


Score Distribution

Your Account Isn't Verified!

In order to create a playlist on Sporcle, you need to verify the email address you used during registration. Go to your Sporcle Settings to finish the process.

Report this User

Report this user for behavior that violates our Community Guidelines.

Details: